Statistics for Flags of the British Empire, 1920

Click here to take the quiz!

General Stats

  • This quiz has been taken 19 times
  • The average score is 16 of 51

Answer Stats

Answer% Correct
Brunei
93%
New Zealand
87%
Australia
80%
Tonga
73%
Qatar
73%
Canada
73%
Gibraltar
67%
Malta
60%
Ceylon
53%
India
53%
Anglo-Egyptian Sudan
53%
Uganda
53%
Fiji
47%
Egypt
47%
Jamaica
40%
Hong Kong
40%
Federated Malay States
40%
Falkland Islands
33%
Gold Coast
33%
Newfoundland
33%
Sarawak
33%
Nigeria
33%
Union of South Africa
33%
Straits Settlements
27%
Tanganyika
27%
Gambia
27%
Bermuda
27%
Rhodesia
27%
Bahamas
20%
Bahrain
20%
British Guiana
20%
Sierra Leone
20%
North Borneo
20%
Kenya
13%
Weihaiwei
13%
Trinidad and Tobago
13%
Kuwait
13%
British Leeward Islands
13%
Saint Helena
13%
Zanzibar
7%
Mauritius
7%
Maldives
7%
Cyprus
7%
Nyasaland
7%
Trucial States
7%
British Solomon Islands
7%
Western Samoa
7%
British Somaliland
0%
British Honduras
0%
Seychelles
0%
British Windward Islands
0%

Score Distribution

Percentile by Number Answered

Percent of People with Each Score

Your Score History

You have not taken this quiz